|
|
|
|
| LEADER |
00000nam a22000007a 4500 |
| 005 |
2016062003083.0 |
| 007 |
c||||| ||u| |
| 008 |
160620s2016 mx ||||| |||| 00||0 spa d |
| 020 |
|
|
|a 978-607-406-811-5
|
| 035 |
|
|
|a 14292
|
| 040 |
|
|
|a vLex
|
| 090 |
|
|
|c 6189
|d 6189
|
| 100 |
1 |
|
|a Hernǹdez Rodrg̕uez, Jess︢
|
| 245 |
|
|
|a Estudio Prc̀tico de la Contabilidad Electrn̤ica 2016
|h [Recurso electrn̤ico]
|c Jess︢ Hernǹdez Rodrg̕uez
|
| 256 |
|
|
|a Servicio en linea
|
| 260 |
|
|
|a Mexico
|b Ediciones Fiscales ISEF
|c 2016
|
| 300 |
|
|
|a 1 recurso electronico
|
| 500 |
|
|
|a El objetivo de este libro es dar a conocer a los contribuyentes, contadores y personas interesadas en la materia contable los elementos con que cada parte cuenta para llevar a cabo el cumplimiento de las obligaciones establecidas en el CFF con respecto a la contabilidad electrn̤ica; la autoridad para revisar y el contribuyente para evitar caer en violaciones que le llevan a pagar diferencias, multas, accesorios o consecuencias mayores.
|
| 506 |
1 |
|
|a Contenido solo disponible en los productos indicados
|d vLex Global
|d vLex Global (Academic Edition, excluding Law Schools)
|d vLex Global (U.S. Academic Edition, Law Schools)
|d vLex Global (U.S. Academic Edition, excluding Law Schools)
|d vLex Global (Academic Edition, Law Schools)
|
| 650 |
0 |
4 |
|a Derecho
|z Mexico
|
| 740 |
0 |
|
|a vLex libros (servicio en linea)
|
| 856 |
4 |
0 |
|u http://vlex.com/source/estudio-practico-de-la-contabilidad-electronica-2016-14292
|z Acceso restringido
|
| 942 |
|
|
|c BOOK
|
| 999 |
0 |
|
|a Law
|b Mexico
|